000 00687nam a2200217Ii 4500
003 JO-AjNU
008 230605s9999||||xx |||||||||||||| ||und||
017 _a95/7915
040 _aJO-AjNU
_bara
_erda
_cJO-AjNU
041 _aara
050 1 4 _aLB1028.3.A22 1996
100 3 _aشكري، عبد المجيد,
_eauthor
_937486
245 0 0 _aالإذاعة المدرسية في ضوء تكنولوجيا التعليم
250 _aط1
264 3 1 _aالقاهرة:دارالفكر العربي،1996
300 _a99ص
336 _atext
_btxt
_2rdacontent
337 _aunmediated
_bn
_2rdamedia
338 _avolume
_bnc
_2rdacarrier
650 4 _aإذاعة مدرسية
_937487
999 _aA15667
_c19235
_d19235